Splnia identifikované zdokonalenia audítorskej správy požiadavku používateľov na väčšiu transparentnosť finančných výkazov a auditu a poskytnú im hodnotu (prínos), ktorú hľadajú?

Problematika zvyšovania vypovedacej schopnosti audítorských správ ako výsledku práce audítora pri overovaní účtovných závierok (finančných výkazov) pre stále narastajúce požiadavky zo strany používateľov informácií z audítorských správ - pre svoje finančné rozhodnutia.

Na minha lista:
Detalhes bibliográficos
Autor principal: Kareš, Ladislav
Outros Autores: Kršíková, Veronika, 1986-
Formato: Capítulo de Livro
Idioma:eslovaco
Assuntos:
Tags: Adicionar Tag
Sem tags, seja o primeiro a adicionar uma tag!

MARC

LEADER 00000naa a2200000 4500
001 0172112
005 20240502072942.4
041 0 |a slo 
044 |a SK 
245 1 0 |a Splnia identifikované zdokonalenia audítorskej správy požiadavku používateľov na väčšiu transparentnosť finančných výkazov a auditu a poskytnú im hodnotu (prínos), ktorú hľadajú?  |c Ladislav Kareš, Veronika Kršíková 
520 |a Problematika zvyšovania vypovedacej schopnosti audítorských správ ako výsledku práce audítora pri overovaní účtovných závierok (finančných výkazov) pre stále narastajúce požiadavky zo strany používateľov informácií z audítorských správ - pre svoje finančné rozhodnutia. 
610 2 0 |a závierka účtovná 
610 2 0 |a výkazy finančné 
610 2 0 |a audítori 
610 2 0 |a audítorstvo 
610 2 0 |a informácie účtovné 
610 2 0 |a transparentnosť 
100 1 |a Kareš, Ladislav 
700 1 |a Kršíková, Veronika, 1986-